000 00305nam a22001337a 4500
008 180213b xxu||||| |||| 00| 0 eng d
020 _a9781880120156
041 _aeng
080 _a72
100 _a41
101 _ander
245 _asaturn building shell field guide
_cdorsi.ch
942 _2udc
_cBK
999 _c42368
_d42368